00353nam a2200133Ia 45000030006000000080041000060400015000471000026000622450060000882600034001483000006001825460014001880050017002020STCL150530s9999 xx 000 0 und d aSTCLcSTCL aKrishna Puduval, K.P. aOravankara Neelakanttan Namboodiri Avarkalude Krithikal bMangalodayam ; Thrissurc1952 a0 aMalayalam20220125170740.0